Jamaica : Interim Staff Report Under Intensified Surveillance.

The Jamaican economy made progress in reducing public debt despite adverse shocks and revenue shortfalls through fiscal consolidation under intensified IMF surveillance. IMF staff monitors the implementation of economic strategy formulated by the authorities. Executive Directors welcomed the monetar...

Descrizione completa

Dettagli Bibliografici
Ente Autore: International Monetary Fund
Natura: Periodico
Lingua:English
Pubblicazione: Washington, D.C. : International Monetary Fund, 2006.
Serie:IMF Staff Country Reports; Country Report ; No. 2006/324
Accesso online:Full text available on IMF
LEADER 01692cas a2200241 a 4500
001 AALejournalIMF004469
008 230101c9999 xx r poo 0 0eng d
020 |c 5.00 USD 
020 |z 9781451820195 
022 |a 1934-7685 
040 |a BD-DhAAL  |c BD-DhAAL 
110 2 |a International Monetary Fund. 
245 1 0 |a Jamaica :   |b Interim Staff Report Under Intensified Surveillance. 
264 1 |a Washington, D.C. :  |b International Monetary Fund,  |c 2006. 
300 |a 1 online resource (33 pages) 
490 1 |a IMF Staff Country Reports 
500 |a <strong>Off-Campus Access:</strong> No User ID or Password Required 
500 |a <strong>On-Campus Access:</strong> No User ID or Password Required 
506 |a Electronic access restricted to authorized BRAC University faculty, staff and students 
520 3 |a The Jamaican economy made progress in reducing public debt despite adverse shocks and revenue shortfalls through fiscal consolidation under intensified IMF surveillance. IMF staff monitors the implementation of economic strategy formulated by the authorities. Executive Directors welcomed the monetary stance and the strategy to widen the tax base and strengthen the underlying fiscal position by improving tax administration. They advised to strengthen fiscal consolidation, accelerate structural reforms, and strengthen the resilience of the financial system. They emphasized the need for intensified fiscal efforts to reduce debt rapidly. 
538 |a Mode of access: Internet 
830 0 |a IMF Staff Country Reports; Country Report ;  |v No. 2006/324 
856 4 0 |z Full text available on IMF  |u http://elibrary.imf.org/view/journals/002/2006/324/002.2006.issue-324-en.xml  |z IMF e-Library